Antecedentes para el análisis de la política educacional chilena en 1982

Saved in:
Bibliografiske detaljer
Hovedforfatter: Schiefelbein F., Ernesto (Author)
Format: Bog
Sprog:spansk
Udgivet: Santiago CPU 1982
Fag:
Tags: Tilføj Tag
Ingen Tags, Vær først til at tagge denne postø!

MARC

LEADER 00000nam a2200000 a 4500
001 UCY4469
003 CL-VaPUC
008 950314e19820000CL |||||||||||||||||spa|d
082 0 4 |a 379.983  |b SCH  |2 21 
100 0 |a Schiefelbein F., Ernesto  |e author  |9 332935 
245 1 0 |a Antecedentes para el análisis de la política educacional chilena en 1982 
300 |a 353 p 
942 |c BK 
945 |d 19950314 00:00:00  |a rbrito 
260 |a Santiago  |b CPU  |c 1982 
650 0 |a Política educacional  |9 308011 
651 7 |a CHILE  |2 CL-VaPUC  |9 332936 
583 |a last modification  |c 19950314 00:00:00  |k Rodrigo Vera 
999 |c 232320  |d 232318 
952 |0 0  |1 0  |4 0  |6 379_983000000000000_SCH_1982  |7 0  |8 P  |9 236475  |a BIBEDU  |b BIBEDU  |c BIBEDU_PB  |d 2019-11-15  |i 3036030  |o 379.983 SCH 1982  |p 3036030  |r 2024-01-25  |w 2019-11-15  |y BK  |k EDU 
952 |0 0  |1 0  |4 0  |6 379_983000000000000_SCH_1982  |7 0  |8 P  |9 236476  |a BIBEDU  |b BIBEDU  |c BIBEDU_PB  |d 2019-11-15  |i 1549359  |o 379.983 SCH 1982  |p 1549359  |r 2024-01-25  |w 2019-11-15  |y BK  |k EDU